| 000 | 00357pam a2200157a 44500 | ||
|---|---|---|---|
| 008 | 230515b1992 xxu||||| |||| 00| 0 eng d | ||
| 020 | _aNULL | ||
| 041 | _aENGLISH | ||
| 082 | _aN.D. | ||
| 100 | _aVasandani V.P. | ||
| 245 | _aHydraulic Machines Theory & Design | ||
| 250 | _a0 | ||
| 260 |
_aNULL _bKhanna Pub. _c1992 |
||
| 300 | _a647 | ||
| 650 | _aNULL | ||
| 999 |
_c574401 _d574401 |
||